| 000 | 00849nam a22002297a 4500 | ||
|---|---|---|---|
| 008 | 081212t xxu||||| |||| 00| 0beng d | ||
| 010 | _aENG-99323 | ||
| 020 |
_c895.00 _a9788132102236 |
||
| 035 | _aEN-82855 | ||
| 037 | _bDBAD / PUB | ||
| 040 |
_adpl _bEnglish |
||
| 082 | _a346.7302 | ||
| 100 | _93724 | ||
| 245 |
_aLaw of contracts in India / _cedited by Sairam Bhat |
||
| 260 |
_aNew Delhi _bSage Publications _c2009 |
||
| 270 |
_aB 1/I-1 Mohan Cooperative Industrial Area Mathura Road, _bNew Delhi _e110044 |
||
| 300 |
_axxi, 312p. _c22cm (Hb) |
||
| 600 |
_aBaba Visakha Singh _xBiography. _93725 |
||
| 700 |
_aBhat, Sairam _910254 |
||
| 942 |
_2ddc _cEN _mLAW _h346.7302 |
||
| 999 |
_c40715 _d40715 |
||